Countries according to Human Development Index - Statistics

General Stats
  • This quiz has been taken 94 times
    5 since last reset
  • The average score is 11 of 20
Answer Stats
Hint Answer % Correct
Europe Iceland
100%
Oceania Australia
75%
North America Canada
75%
Europe Denmark
75%
Oceania New Zealand
75%
Asia South Korea
75%
North America United States
75%
Europe Finland
50%
Europe Germany
50%
Europe Ireland
50%
Europe Netherlands
50%
Europe Norway
50%
Asia Singapore
50%
Europe Sweden
50%
Europe Switzerland
50%
Europe United Kingdom
50%
Europe Belgium
25%
Asia United Arab Emirates
25%
Europe Liechtenstein
0%
Europe Slovenia
0%
No matching quizzes found
Score Distribution
Percent of People with Each Score
Percentile by Number Answered
Your Score History
You have not taken this quiz since the last reset